|
|
|
|
| LEADER |
00000nam0a2200000 4500 |
| 001 |
113725 |
| 005 |
20231101215139.0 |
| 010 |
|
|
|a 589503313X
|
| 035 |
|
|
|a (RuTPU)RU\TPU\book\122987
|
| 090 |
|
|
|a 113725
|
| 100 |
|
|
|a 20070416d2006 k y0rusy50 ca
|
| 101 |
0 |
|
|a rus
|
| 102 |
|
|
|a RU
|
| 105 |
|
|
|a a z 001zy
|
| 200 |
1 |
|
|a Динамика и параметры электронных пучков бетатронов
|f В. В. Кашковский
|
| 210 |
|
|
|a Томск
|c Изд-во НТЛ
|d 2006
|
| 215 |
|
|
|a 196 с.
|c ил.
|
| 320 |
|
|
|a Библиогр.: с. 187-193.
|
| 330 |
|
|
|a В монографии рассмотрена динамика электронов и определены параметры электронного пучка в процессе инжекции, ускорения, вывода за пределы поля бетатрона и многократного прохождения через мишень бетатрона во время смещения. Исследован механизм захвата электронов в ускорение с учетом электретных свойств диэлектрической оболочки ускорительной камеры. Определены параметры электронного пучка в процессе ускорения в магнитных полях бетатронов с асимметрией по вертикали и с полюсами гребневого типа. Результаты теоретических и экспериментальных исследований нашли практическое применение.
|
| 606 |
1 |
|
|a Бетатроны
|2 stltpush
|3 (RuTPU)RU\TPU\subj\71950
|9 85608
|
| 610 |
1 |
|
|a магнитное поле
|
| 610 |
1 |
|
|a уравнения
|
| 610 |
1 |
|
|a заряженные частицы
|
| 610 |
1 |
|
|a динамика
|
| 610 |
1 |
|
|a электронные орбиты
|
| 610 |
1 |
|
|a ускорение
|
| 610 |
1 |
|
|a электронные пучки
|
| 610 |
1 |
|
|a смещение
|
| 610 |
1 |
|
|a параметры
|
| 610 |
1 |
|
|a измерение
|
| 610 |
1 |
|
|a метод теневой фотографии
|
| 610 |
1 |
|
|a фокусировка
|
| 675 |
|
|
|a 621.384.634.3
|v 3
|
| 700 |
|
1 |
|a Кашковский
|b В. В.
|g Виктор Васильевич
|
| 801 |
|
1 |
|a RU
|b 63413507
|c 20070416
|g PSBO
|
| 801 |
|
2 |
|a RU
|b 63413507
|c 20150618
|g PSBO
|
| 900 |
|
|
|a Применение ускорителей в науке и промышленности
|
| 942 |
|
|
|c BK
|